Statistics for Country Names Whose First Two Letters Are Furthest Apart in the Alphabet

Click here to take the quiz!

General Stats

  • This quiz has been taken 73 times
  • The average score is 9 of 15

Answer Stats

difference country % Correct
25Azerbaijan
92%
25Zambia
81%
20Australia
67%
20Austria
67%
23Czech Republic
63%
22Cyprus
60%
20Yemen
59%
19Burundi
59%
21Vanuatu
51%
19Burkina Faso
49%
19Tajikistan
49%
21Vatican City
48%
19Bulgaria
46%
19Tanzania
46%
19Taiwan
38%

Score Distribution

Percentile by Number Answered

Percent of People with Each Score

Your Score History

You have not taken this quiz